[Event "ch-POL women"]
[Site "Brzeg Dolny POL"]
[Date "2000.07.07"]
[Round "2"]
[White "Matras,A"]
[Black "Dworakowska,J"]
[Result "0-1"]
[WhiteElo "2232"]
[BlackElo "2371"]

1.e4 c5 2.c3 Nf6 3.e5 Nd5 4.d4 cxd4 5.Nf3 Nc6 6.cxd4 d6 7.Bc4 Nb6 8.Bb5 dxe5
9.Nxe5 Bd7 10.Bxc6 Bxc6 11.Nxc6 bxc6 12.O-O g6 13.Nc3 Bg7 14.Qf3 Rc8 15.Rd1 O-O
16.Bf4 Nd5 17.Be5 Nxc3 18.bxc3 Qd5 19.Qe2 Bxe5 20.dxe5 Qc5 21.c4 Rcd8 22.e6 Rxd1+
23.Rxd1 f6 24.h3 Rb8 25.Rd7 a5 26.Qe3 Rb1+ 27.Kh2 Qxe3 28.fxe3 Re1 29.Rxe7 Rxe3
30.Kg1 f5 31.Kf2 Re4 32.Ra7 Kf8 33.Rxa5 Rxc4 34.Ra7 h5 35.Rc7 Ra4 36.Rxc6 Rxa2+
37.Kf3 Ke7 38.Rb6 Ra4 39.g3 g5 40.Rc6 h4 41.gxh4 Rxh4 42.Kg3 Re4 43.Ra6 Re3+
44.Kg2 Rxe6 45.Ra5 Kf6 46.Kf3 Rd6 47.Ke3 Re6+ 48.Kf3 Rb6 49.Ra3 Kg6 50.Rc3 Kh5
51.Rc8 Rb3+ 52.Kg2 Kg6 53.Rc6+ Kf7 54.Ra6 Rd3 55.Rb6 Re3 56.Ra6 f4 57.Rb6 Re6
58.Rb3 Kg6 59.Kf2 Rc6 60.Kf3 Kh5 61.Rb8 Rc3+ 62.Kg2 Kg6 63.Rb5 Rc2+ 64.Kf3 Rh2
65.Kg4 Rg2+  0-1

[Event "t-EuCh U18"]
[Site "Balatonlelle HUN"]
[Date "2000.07.10"]
[Round "2"]
[White "Hindermann,F"]
[Black "Bratovic,B"]
[Result "0-1"]
[WhiteElo "2181"]
[BlackElo "2206"]

1.e4 c5 2.c3 Nf6 3.e5 Nd5 4.d4 cxd4 5.Qxd4 e6 6.Nf3 Nc6 7.Qe4 f5 8.Qe2 Qc7
9.g3 Nde7 10.Na3 Ng6 11.Nb5 Qb8 12.Bf4 Be7 13.Bg2 O-O 14.O-O a6 15.Nbd4 Nxd4
16.Nxd4 Ra7 17.Rad1 b5 18.Rd3 Rc7 19.Rfd1 Bb7 20.Bxb7 Qxb7 21.Qf3 Qe4 22.Re3 Qxf3
23.Nxf3 Rb8 24.Red3 Rbb7 25.Be3 Kf7 26.Bg5 Bf8 27.Bd8 Rc8 28.Ba5 Ke8 29.a3 Rc4
30.Rd4 Rxd4 31.Rxd4 Ne7 32.Bb4 Nc6 33.Rd1 a5 34.Bxf8 Kxf8 35.Kf1 Ke7 36.Ke2 b4
37.axb4 axb4 38.c4 Ra7 39.Kd3 g5 40.Re1 Ra5 41.Nxg5 Nxe5+ 42.Kd4 Nc6+ 43.Kd3 Ne5+
44.Kd4 Nc6+ 45.Kd3 h6 46.Nf3 Kf6 47.Kc2 e5 48.Rd1 e4 49.Nd4 Ne5 50.Nb3 Ra7
51.Nc5 Rc7 52.Rd6+ Ke7 53.Rd5 d6 54.Na6 Rxc4+ 55.Kb3 Rc1 56.Nxb4 Rf1 57.Rd2 Nf3
58.Nc6+ Kd7 59.Rc2 d5 60.Kb4  0-1

[Event "Golden Cleopatra Open"]
[Site "Cairo EGY"]
[Date "2000.07.11"]
[Round "1"]
[White "Yousry,S"]
[Black "Sameeh,H"]
[Result "1/2-1/2"]
[WhiteElo "2239"]
[BlackElo "2292"]

1.e4 c5 2.c3 Nf6 3.e5 Nd5 4.Nf3 d6 5.Bc4 e6 6.O-O dxe5 7.Nxe5 Bd6 8.Bb5+ Nd7
9.d4 cxd4 10.c4 Nf6 11.Qxd4 Qc7 12.Bf4 Qc5 13.Qxc5 Bxc5 14.Rd1 a6 15.Ba4 Ke7
16.Nd3 Bd6 17.Bxd6+ Kxd6 18.Nc3 b6 19.b4 Kc7 20.Rac1 Bb7 21.c5 bxc5 22.bxc5 Bc6
23.Bxc6 Kxc6 24.Nb4+ Kxc5 25.Ncd5+ Kb5 26.a4+ Kxa4 27.Nxf6 Nxf6 28.Nxa6 Rad8
29.Rc4+ Kb5 30.Rb4+ Kc6 31.Rc4+ Kb5 32.Rb4+ Kc6 33.Rc4+ Kb5  1/2-1/2

[Event "t-EuCh U18"]
[Site "Balatonlelle HUN"]
[Date "2000.07.12"]
[Round "4"]
[White "Szabo,G ROM"]
[Black "Perunovic,Mil"]
[Result "1-0"]
[WhiteElo "2330"]
[BlackElo "2426"]

1.e4 c5 2.c3 Nf6 3.e5 Nd5 4.d4 cxd4 5.Nf3 e6 6.cxd4 b6 7.Nc3 Nxc3 8.bxc3 Qc7
9.Bd2 Bb7 10.Bd3 d6 11.O-O Nd7 12.Ng5 dxe5 13.Qh5 g6 14.Qh3 Be7 15.Rae1 Rf8
16.Qxh7 O-O-O 17.Nxf7 Nf6 18.Qh3 Rxf7 19.Qxe6+ Qd7 20.Qxf7 Bxg2 21.Rxe5 Bd5
22.Ba6+ Kb8 23.Bf4 Qg4+ 24.Bg3 Bxf7 25.Rxe7+ Rd6 26.Rxf7 Qe6 27.Bc4  1-0

[Event "GM"]
[Site "Dortmund GER"]
[Date "2000.07.13"]
[Round "6"]
[White "Schmittdiel,E"]
[Black "Skripchenko,A"]
[Result "1/2-1/2"]
[WhiteElo "2490"]
[BlackElo "2444"]

1.e4 c5 2.c3 Nf6 3.e5 Nd5 4.d4 cxd4 5.Nf3 Nc6 6.Bc4 Nb6 7.Bb3 d5 8.exd6 Qxd6
9.O-O Be6 10.Na3 dxc3 11.Nb5 Qxd1 12.Rxd1 Rc8 13.Bxe6 fxe6 14.bxc3 h6 15.Re1 g5
16.Rb1 Nd7 17.Rxe6 Kf7  1/2-1/2

[Event "Golden Cleopatra Open"]
[Site "Cairo EGY"]
[Date "2000.07.14"]
[Round "4"]
[White "Rahman,Y"]
[Black "Vaysman,A"]
[Result "1/2-1/2"]
[WhiteElo "2273"]
[BlackElo "2382"]

1.e4 c5 2.c3 Nf6 3.e5 Nd5 4.d4 cxd4 5.Qxd4 e6 6.Nf3 Nc6 7.Qe4 d6 8.Nbd2 f5
9.exf6 Qxf6 10.Nc4 Nxc3 11.Qc2 Nd5 12.Bg5 Nd4 13.Qd2 Qxf3 14.Qxd4 Qf5 15.h4 h6
16.Bd3 Qf7 17.Bd2 Qf6 18.Qe4 Bd7 19.Rh3 O-O-O  1/2-1/2

[Event "ch-SUI"]
[Site "Pontresina SUI"]
[Date "2000.07.14"]
[Round "2"]
[White "Jenni,F"]
[Black "Ballmann,M"]
[Result "1-0"]
[WhiteElo "2440"]
[BlackElo "2413"]

1.e4 c5 2.c3 Nf6 3.e5 Nd5 4.d4 cxd4 5.Nf3 Nc6 6.Bc4 Nb6 7.Bb3 d5 8.exd6 Qxd6
9.O-O Bf5 10.Nxd4 Nxd4 11.cxd4 e6 12.Nc3 Be7 13.Qf3 Qd7 14.Bf4 O-O 15.Rad1 Bf6
16.Rfe1 a6 17.g4 Bg6 18.d5 exd5 19.Bxd5 Nxd5 20.Nxd5 Qc6 21.Rc1 Rae8 22.Rxe8 Qxe8
23.Nxf6+ gxf6 24.Bh6 Qe6 25.Bxf8 Kxf8 26.h3 Kg7 27.a3 Be4 28.Qe3 Qd5 29.b4 Bh1
30.Qg3 Bf3 31.Kh2 Qd2 32.Rg1 Bc6 33.g5 f5 34.Qe5+ Kg8 35.Qe3 Qd6+ 36.f4 Be4
37.Rc1 Bc6 38.Rc2 Qd5 39.Rd2 Qh1+ 40.Kg3 h6  1-0

[Event "10th Smith & Williamson YM"]
[Site "Witley ENG"]
[Date "2000.07.15"]
[Round "2"]
[White "Menon,S"]
[Black "Middelburg,T"]
[Result "0-1"]
[WhiteElo "2241"]
[BlackElo "2347"]

1.e4 c5 2.c3 Nf6 3.e5 Nd5 4.d4 cxd4 5.Nf3 Nc6 6.cxd4 d6 7.Bc4 Nb6 8.Bb5 a6
9.Bxc6+ bxc6 10.O-O d5 11.Qc2 Qc7 12.Bf4 e6 13.Rc1 Bb7 14.Nbd2 a5 15.h4 a4
16.h5 h6 17.Ne1 Be7 18.Nd3 Nd7 19.Be3 O-O 20.f4 Ba6 21.f5 exf5 22.Nf4 Nb6
23.Qxf5 Qc8 24.Qc2 Nc4 25.Nxc4 Bxc4 26.b3 axb3 27.axb3 Rxa1 28.Rxa1 Bb5 29.e6 Bd6
30.exf7+ Rxf7 31.Ng6 Qe8 32.Qd2 Rf5 33.Bf4 Rxh5 34.Bxd6 Qxg6 35.Be5 Rg5 36.Re1 Bd3
37.Re3 Be4 38.Re2 h5 39.Rf2 h4 40.Kh2 Rxe5 41.dxe5 Qg3+ 42.Kg1 h3 43.e6 Bxg2  0-1

[Event "ch-Paris"]
[Site "Paris FRA"]
[Date "2000.07.16"]
[Round "2"]
[White "Tillet,L"]
[Black "Claisse,P"]
[Result "1-0"]
[WhiteElo "2280"]
[BlackElo "2094"]

1.e4 c5 2.c3 Nf6 3.e5 Nd5 4.d4 cxd4 5.Nf3 Nc6 6.Bc4 Nb6 7.Bb3 d5 8.exd6 e6
9.cxd4 Bxd6 10.Nc3 a6 11.O-O O-O 12.a3 Re8 13.Qd3 Nd7 14.Re1 Nf8 15.Bg5 Be7
16.Bf4 Bd6 17.Bxd6 Qxd6 18.Rad1 Rd8 19.Qe4 Nd7 20.Qh4 Nf6 21.d5 exd5 22.Nxd5 Nxd5
23.Bxd5 Be6 24.Ng5 h6 25.Nxe6 fxe6 26.Rxe6 Qc5 27.Rd6+ Kh8 28.Rxh6+  1-0

[Event "ch-Paris"]
[Site "Paris FRA"]
[Date "2000.07.16"]
[Round "2"]
[White "Martine,JC"]
[Black "Pelle,G"]
[Result "0-1"]
[WhiteElo "2096"]
[BlackElo "2280"]

1.e4 c5 2.c3 Nf6 3.e5 Nd5 4.d4 cxd4 5.Nf3 Nc6 6.Bc4 Nb6 7.Bb3 d6 8.e6 Bxe6
9.Bxe6 fxe6 10.cxd4 Qd7 11.Nc3 g6 12.h4 Bg7 13.Be3 O-O-O 14.a4 Nb4 15.O-O Kb8
16.Ng5 Rdf8 17.a5 N6d5 18.Qb3 h6 19.Nge4 Rf5 20.Ng3 Rf7 21.Ra4 Nxe3 22.fxe3 Rxf1+
23.Nxf1 Na6 24.Nb5 Rc8 25.Rc4 Bf6 26.Rxc8+ Qxc8 27.Qd3 Qg8 28.g3 Nc7 29.Nc3 e5
30.d5 e4 31.Qxe4 Bxc3 32.bxc3 Qf7 33.c4 a6 34.Nd2 Kc8 35.Nf3 Qf6 36.Nd4 h5
37.Kg2 Kd7 38.Nf3 Kd8 39.Ng5 Kd7 40.Nf3 Qf7 41.Ng5 Qf6 42.Nf3 Ne8 43.Qb1 Kc8
44.Nd4 Nc7 45.Qe4 Kd7 46.Qb1 Kc8 47.Qe4 Ne8 48.Qc2 Kb8 49.Qa4 Ng7 50.Qd7 Nf5
51.Qd8+ Ka7 52.Qb6+ Ka8 53.Ne6 Kb8 54.e4 Nxh4+ 55.gxh4 Qxh4 56.Qd8+ Ka7 57.Qb6+ Kb8
58.Qe3 Qg4+ 59.Kf2 Qh4+  0-1

[Event "ch-Paris"]
[Site "Paris FRA"]
[Date "2000.07.17"]
[Round "3"]
[White "Cheymol,E"]
[Black "Timoshenko,G"]
[Result "0-1"]
[WhiteElo "2206"]
[BlackElo "2557"]

1.e4 c5 2.c3 Nf6 3.e5 Nd5 4.d4 cxd4 5.Nf3 Nc6 6.Bc4 Nb6 7.Bb3 d5 8.exd6 Qxd6
9.cxd4 Be6 10.Bxe6 Qxe6+ 11.Be3 Qc4 12.b3 Qa6 13.Qe2 Qxe2+ 14.Kxe2 Nd5 15.a3 e6
16.Rc1 Bd6 17.Nc3 Nxc3+ 18.Rxc3 Ne7 19.Ne5 Nd5 20.Rc2 f6 21.Nc4 Kd7 22.Nxd6 Kxd6
23.Rac1 g5 24.Kd3 h5 25.Rc5 Rh7 26.Bd2 Kd7 27.R1c2 Rhh8 28.Rc1 h4 29.R1c2 Rhd8
30.g3 Ke7 31.Ke2 g4 32.f3 hxg3 33.hxg3 gxf3+ 34.Kxf3 Kf7 35.R5c4 Rh8 36.Bf4 Rh1
37.Rc1 Rah8 38.Rxh1 Rxh1 39.Bc1 Kg6 40.Ke2 Ne7 41.Be3 Nf5 42.Bf2 Rb1 43.Rc3 Rb2+
44.Kf1 a6 45.b4 Ra2 46.Rd3 Nd6 47.Re3 Kf7 48.Rd3 b5 49.d5 exd5 50.Rxd5 Ne4
51.Rf5 Rxa3 52.g4 Rc3 53.Rf4 Rc4 54.Be1 Nd6 55.Bd2 Ke6 56.Ke2 Nf7 57.Ke3 Ne5
58.Rxc4 Nxc4+ 59.Kd3 Nxd2 60.Kxd2 Kd5 61.Kd3 Kc6 62.Kc3 Kb6 63.Kb3 a5 64.bxa5+ Kxa5
65.Ka3 b4+ 66.Kb3 Kb5 67.Kb2 Kc4 68.Kc2  0-1

[Event "10th Open"]
[Site "Jyvaskyla FIN"]
[Date "2000.07.20"]
[Round "4"]
[White "Kiik,K"]
[Black "Holmsgaard,H"]
[Result "1-0"]
[WhiteElo "2442"]
[BlackElo "2274"]

1.e4 c5 2.c3 Nf6 3.e5 Nd5 4.d4 cxd4 5.Nf3 e6 6.cxd4 d6 7.Nc3 Nc6 8.exd6 Bxd6
9.Bd3 Be7 10.O-O O-O 11.Re1 Bf6 12.Bc4 Nce7 13.Ne5 Qb6 14.Qd3 g6 15.Bh6 Bg7
16.Bxg7 Kxg7 17.Qd2 Nf6 18.Rad1 Rd8 19.Re3 Ned5 20.Rf3 Bd7 21.Bxd5 exd5 22.Nxd5  1-0

[Event "ch-Paris"]
[Site "Paris FRA"]
[Date "2000.07.20"]
[Round "6"]
[White "Tillet,L"]
[Black "Bakus,M"]
[Result "1-0"]
[WhiteElo "2280"]
[BlackElo "2170"]

1.e4 c5 2.c3 Nf6 3.e5 Nd5 4.d4 cxd4 5.Nf3 e6 6.cxd4 b6 7.Nc3 Nxc3 8.bxc3 Qc7
9.Bd2 d6 10.Bd3 Nd7 11.O-O Bb7 12.Ng5 dxe5 13.Qh5 g6 14.Qh3 Be7 15.Rfe1 Bxg5
16.Bxg5 f5 17.Qh6 Kf7 18.Bb5 exd4 19.Bf4 e5 20.Bxd7 exf4 21.Bxf5 gxf5 22.Re6 Bd5
23.Qf6+ Kg8 24.Re7 Qxe7 25.Qxe7 dxc3 26.Qg5+ Kf8 27.Qf6+ Kg8 28.Re1 c2 29.Qxf5 Bf7
30.Qxc2 h6 31.Qf5 Rh7 32.Re7 Rd8 33.h4 f3 34.Qxf3 Rg7 35.Rxa7 h5 36.Qf6 Rd1+
37.Kh2 Rd2 38.Rxf7  1-0

[Event "KB Czech Open"]
[Site "Pardubice CZE"]
[Date "2000.07.21"]
[Round "1"]
[White "Muzik,M"]
[Black "Bokros,A"]
[Result "0-1"]
[WhiteElo "2267"]
[BlackElo "2479"]

1.e4 c5 2.c3 Nf6 3.e5 Nd5 4.d4 cxd4 5.Nf3 e6 6.cxd4 d6 7.a3 Bd7 8.Bd3 Bc6
9.O-O Nd7 10.Ng5 dxe5 11.Nxe6 fxe6 12.Qh5+ Ke7 13.dxe5 h6 14.Bg6 N7b6 15.Rd1 Kd7
16.Nc3 Kc7 17.Be3 Rc8 18.Ne4 Kb8 19.Ng5 hxg5 20.Qxh8 Nc4 21.Qh3 Ncxe3 22.fxe3 g4
23.Qxg4 Nxe3 24.Rxd8 Nxg4 25.Rxc8+ Kxc8 26.Rc1 Kd7 27.Rd1+ Kc7 28.b4 Nxe5
29.Bh7 Bd6 30.Bg8 Bd5 31.Rd4 Nc4 32.h4 Nxa3 33.g4 Nc2  0-1

[Event "It"]
[Site "Bergen NOR"]
[Date "2000.07.22"]
[Round "2"]
[White "Myhrvold,R"]
[Black "Gabrielsen,S"]
[Result "1-0"]
[WhiteElo "2253"]
[BlackElo "2305"]

1.e4 c5 2.c3 Nf6 3.e5 Nd5 4.d4 cxd4 5.Nf3 e6 6.cxd4 b6 7.Bd3 Be7 8.O-O Ba6
9.Nc3 Nxc3 10.bxc3 O-O 11.c4 f5 12.exf6 Bxf6 13.Qc2 d5 14.Bxh7+ Kh8 15.Ba3 Bxc4
16.Rfe1 Nc6 17.Bxf8 Qxf8 18.Rad1 Qf7 19.Bg6 Qd7 20.Ne5 Bxe5 21.dxe5 Qe7 22.Re3 Nb4
23.Rh3+ Kg8 24.Bh7+ Kf8 25.Rf3+  1-0

[Event "ch-Paris"]
[Site "Paris FRA"]
[Date "2000.07.22"]
[Round "8"]
[White "Costagliola,M"]
[Black "Riazuelo,G"]
[Result "1/2-1/2"]
[WhiteElo "2236"]
[BlackElo "2117"]

1.e4 c5 2.c3 Nf6 3.e5 Nd5 4.d4 cxd4 5.Qxd4 e6 6.Nf3 Nc6 7.Qe4 Qc7 8.Bc4 Nde7
9.Bf4 Ng6 10.Bg3 d5 11.exd6 Bxd6 12.Bxd6 Qxd6 13.O-O O-O 14.Na3 Rd8 15.g3 a6
16.Bb3 Bd7 17.Rfd1 Qc7 18.h4 Nce5 19.Nd4 Bc6 20.Nxc6 Qxc6 21.Qxc6 Nxc6 22.Kf1 Nge5
23.Bc2 h6 24.Ke2 Kf8 25.f4 Nd7 26.Nc4 Ke7 27.Be4 Rac8 28.Bf3 Nc5 29.b4 Na4
30.Rd3 b5 31.Rxd8 Rxd8 32.Bxc6 Nxc3+ 33.Kf2 bxc4  1/2-1/2

[Event "KB Czech Open"]
[Site "Pardubice CZE"]
[Date "2000.07.23"]
[Round "3"]
[White "Vermeulen,B"]
[Black "Orsag,Mil"]
[Result "0-1"]
[WhiteElo "2050"]
[BlackElo "2387"]

1.e4 c5 2.c3 Nf6 3.e5 Nd5 4.d4 cxd4 5.Nf3 b6 6.cxd4 e6 7.Nc3 Nxc3 8.bxc3 Qc7
9.Bd2 Be7 10.Bd3 Ba6 11.Bxa6 Nxa6 12.Qe2 Qb7 13.O-O O-O 14.Bg5 f6 15.exf6 Bxf6
16.Qd3 Rac8 17.Rfe1 Nc7 18.Rac1 b5 19.h4 Nd5 20.Bd2 Rc4 21.Ne5 Bxe5 22.Rxe5 Qc6
23.Rh5 Nf6 24.Re5 a6 25.f3 Ra4 26.Rc2 Qc4 27.Qxc4 Rxc4 28.Rc5 Rc8 29.Rxc8+ Rxc8
30.Kf2 Rc4 31.Ke2 Nd5 32.Kd3 Ra4 33.g3 Ra3 34.Ke4 Kf7 35.Ke5 Ra4 36.Ke4 h6
37.Kd3 Ra3 38.Ke4 Kf6 39.f4 Ke7 40.Be1 b4 41.g4 Kd6 42.g5 h5  0-1

[Event "KB Czech Open"]
[Site "Pardubice CZE"]
[Date "2000.07.23"]
[Round "3"]
[White "Kos,T"]
[Black "Bokros,A"]
[Result "1/2-1/2"]
[WhiteElo "2400"]
[BlackElo "2479"]

1.e4 c5 2.c3 Nf6 3.e5 Nd5 4.g3 Nc6 5.Bg2 Nb6 6.Nf3 d6 7.exd6 Qxd6 8.O-O Bg4
9.d4 cxd4 10.cxd4 e6 11.Nc3 Be7 12.Bf4 Qd8 13.h3 Bh5 14.g4 Bg6 15.Ne5 Rc8
16.d5 exd5 17.Nxd5 Nxd5 18.Qxd5 Qxd5 19.Bxd5 Nxe5 20.Bxe5 Rc5 21.Rad1 O-O
22.Bc3 Rc7 23.f4 Bc2 24.Rc1 Ba4 25.Rfe1 Rd8 26.Bf3 f6 27.Kg2 Kf7 28.Bd1 Bc6+
29.Bf3 Bxf3+ 30.Kxf3 Rd3+ 31.Re3 Rxe3+ 32.Kxe3 Bb4 33.Kd3 Bxc3 34.Rxc3 Rxc3+
35.bxc3 Ke6 36.Ke4 g6 37.Kd4 Kd6 38.c4 b6 39.h4 f5 40.g5 a6 41.a4 a5  1/2-1/2

[Event "MTO Open"]
[Site "Biel SUI"]
[Date "2000.07.24"]
[Round "1"]
[White "Martin Blanco,F"]
[Black "Klovans,J"]
[Result "0-1"]
[WhiteElo "2192"]
[BlackElo "2481"]

1.e4 c5 2.c3 Nf6 3.e5 Nd5 4.d4 cxd4 5.cxd4 Nc6 6.Nf3 g6 7.Bc4 Nb6 8.Bb3 Bg7
9.O-O O-O 10.Bf4 d6 11.exd6 Bg4 12.dxe7 Qxe7 13.Be3 Rad8 14.h3 Bxf3 15.Qxf3 Bxd4
16.Nc3 Bxe3 17.fxe3 Rd2 18.Ne4 Rxb2 19.Rad1 Kg7 20.Nd6 f5 21.h4 Qxh4 22.e4 Qf6
23.exf5 Nd4 24.Qxb7+ Kh8 25.Nf7+ Rxf7 26.Qxf7 Ne2+ 27.Kf2 Nc3+ 28.Kg1 Qxf7
29.Bxf7 Nxd1 30.Rxd1 gxf5 31.Bb3 Kg7 32.Rd6 Re2 33.Rc6 Re7 34.Be6 Kf6 35.Bb3+ Kg5
36.Kf2 h5 37.Kf3 Nd7 38.Kf2 Ne5 39.Ra6 h4 40.Ra5 Nd3+ 41.Kf3 Ne5+ 42.Kf2 Ng4+
43.Kf1 Kf4 44.Bd5 Kg3  0-1

[Event "15th Open"]
[Site "Avoine FRA"]
[Date "2000.07.25"]
[Round "4"]
[White "Weemaes,R"]
[Black "Tirard,H"]
[Result "1/2-1/2"]
[WhiteElo "2295"]
[BlackElo "2399"]

1.e4 c5 2.c3 Nf6 3.e5 Nd5 4.d4 cxd4 5.cxd4 Nc6 6.Nf3 d6 7.Bc4 Nb6 8.Bb5 d5
9.Nc3 Bg4 10.h3 Bxf3 11.Qxf3 e6 12.O-O Rc8 13.Rd1 a6 14.Bf1 Na5 15.b3  1/2-1/2

[Event "MTO Open"]
[Site "Biel SUI"]
[Date "2000.07.25"]
[Round "2"]
[White "Cherniaev,A"]
[Black "Velcheva,M"]
[Result "1-0"]
[WhiteElo "2454"]
[BlackElo "2302"]

1.e4 c5 2.c3 Nf6 3.e5 Nd5 4.Nf3 e6 5.Bc4 d6 6.d4 cxd4 7.cxd4 Nc6 8.O-O Nb6
9.Bd3 d5 10.Nc3 Be7 11.Be3 Bd7 12.Rc1 a6 13.Nd2 Rc8 14.Qg4 g6 15.Bh6 Bf8
16.Bxf8 Kxf8 17.h4 h5 18.Qf4 Ne7 19.Nf3 Nf5 20.Bxf5 gxf5 21.b3 Qe7 22.Ne2 Bc6
23.a4 Nd7 24.Rc3 Ke8 25.Rfc1 Nf8 26.Ng5 Ng6 27.Qg3 Kd7 28.Nf4 Nxf4 29.Qxf4 b6
30.Qf3 a5 31.Qe2 Rc7 32.Qa6  1-0

[Event "KB Czech Open"]
[Site "Pardubice CZE"]
[Date "2000.07.26"]
[Round "6"]
[White "Potkin,V"]
[Black "Neverov,V"]
[Result "1/2-1/2"]
[WhiteElo "2420"]
[BlackElo "2547"]

1.e4 c5 2.c3 Nf6 3.e5 Nd5 4.d4 cxd4 5.Nf3 e6 6.cxd4 b6 7.Nc3 Bb7 8.Bd3 Be7
9.O-O O-O 10.Qe2 Nxc3 11.bxc3 d6 12.exd6 Qxd6 13.a4 Nc6 14.Ng5 Bxg5 15.Bxg5 e5
16.a5 exd4 17.a6 Rae8 18.Qc2 h6 19.Bc1 Ba8 20.Ba3 Qd5 21.c4 Qg5 22.f4 Qf6
23.Bxf8 Kxf8 24.Qd2 Re3 25.Rae1  1/2-1/2

[Event "MTO Open"]
[Site "Biel SUI"]
[Date "2000.07.27"]
[Round "4"]
[White "Ravi,T"]
[Black "Cvitan,O"]
[Result "1/2-1/2"]
[WhiteElo "2385"]
[BlackElo "2541"]

1.e4 c5 2.c3 Nf6 3.e5 Nd5 4.d4 cxd4 5.Nf3 e6 6.cxd4 d6 7.Bc4 Nc6 8.O-O Be7
9.Qe2 O-O 10.Rd1 Bd7 11.Bd2 Qb6 12.Nc3 Nxc3 13.Bxc3 dxe5 14.dxe5 Rfd8 15.Rd2 Be8  1/2-1/2

[Event "KB Czech Open"]
[Site "Pardubice CZE"]
[Date "2000.07.28"]
[Round "8"]
[White "Sabol,M"]
[Black "Manik,M"]
[Result "1-0"]
[WhiteElo "2311"]
[BlackElo "2425"]

1.e4 c5 2.c3 Nf6 3.e5 Nd5 4.d4 cxd4 5.Nf3 e6 6.cxd4 b6 7.Nc3 Nxc3 8.bxc3 Qc7
9.Bd2 Bb7 10.Bd3 d6 11.O-O Nd7 12.Bf4 dxe5 13.Nxe5 Nxe5 14.Bb5+ Bc6 15.Bxe5 Bd6
16.Bxc6+ Qxc6 17.d5 exd5 18.Bxg7 Rg8 19.Re1+ Kd7 20.Bd4 Raf8 21.Qh5 Kc8 22.a4 Bc7
23.a5 bxa5 24.Re7 Qd6 25.Qf5+ Kb7 26.Rb1+ Kc6 27.Rxc7+ Kxc7 28.c4  1-0

[Event "KB Czech Open"]
[Site "Pardubice CZE"]
[Date "2000.07.29"]
[Round "9"]
[White "Kos,T"]
[Black "Oral,T"]
[Result "1/2-1/2"]
[WhiteElo "2400"]
[BlackElo "2531"]

1.e4 c5 2.c3 Nf6 3.e5 Nd5 4.d4 cxd4 5.Qxd4 e6 6.Nf3 Nc6 7.Qc4 d6 8.Nbd2 dxe5
9.Nxe5 Nf6 10.Qa4 Qc7 11.Nxc6 Bd7 12.Nf3 Bd6 13.Bg5 Bxc6 14.Bb5 Ne4 15.Bxc6+ Qxc6
16.Qxc6+ bxc6 17.Be3 c5 18.O-O-O O-O-O 19.Nd2 Nxd2 20.Rxd2 Be7 21.Rhd1 Rxd2
22.Rxd2 Kc7 23.Kc2 Kc6 24.Kb3 g5 25.Ka4 a5 26.b3 h5 27.a3 h4 28.h3 Rg8 29.f3 Rb8
30.Rd1 Ra8 31.Rf1 Rg8 32.Ra1 Ra8 33.Ra2 Rb8 34.Rf2 Rg8 35.Rb2 Rb8 36.Rb1 Rb7
37.Rf1 Rd7 38.Rb1 Rd5 39.b4 cxb4 40.axb4 axb4 41.cxb4 Rb5 42.Bd2 Rd5 43.Bc3 Rf5
44.Ra1 Rf4 45.Kb3 Bf6 46.Rc1 Bxc3 47.Rxc3+ Kb6 48.Rc5 f6 49.Rc4 Kb5 50.Rc5+ Kb6
51.Kc3 e5 52.Rc8 e4 53.Rc4 f5 54.fxe4 fxe4 55.Rc5 g4 56.hxg4 Rxg4 57.Rh5 h3  1/2-1/2

[Event "MTO Open"]
[Site "Biel SUI"]
[Date "2000.08.01"]
[Round "8"]
[White "Jenni,F"]
[Black "Gershon,A"]
[Result "0-1"]
[WhiteElo "2440"]
[BlackElo "2502"]

1.e4 c5 2.c3 Nf6 3.e5 Nd5 4.d4 cxd4 5.Nf3 Nc6 6.Bc4 Nb6 7.Bb3 d5 8.exd6 Qxd6
9.O-O Be6 10.Na3 dxc3 11.Qe2 Bxb3 12.axb3 e5 13.Nb5 Qb8 14.bxc3 Be7 15.Bg5 f6
16.Be3 Nd5 17.Nh4 a6 18.Qh5+ Kf8 19.Na3 Qe8 20.Qf3 Nxe3 21.fxe3 Bxa3 22.Rxa3 Kf7
23.Nf5 Qe6 24.Ra2 g6 25.Ng3 Kg7 26.Ne4 f5 27.Nc5 Qf7 28.g4 Rhf8 29.Raf2 Qe7
30.Qd5 Kh8 31.Ne6 Rf6 32.Ng5 Raf8 33.gxf5 gxf5 34.Kh1 Rg6 35.Nf3 Rd8 36.Qc4 Rdg8
37.Rg1 Rxg1+ 38.Nxg1 Qg5 39.Qf1 Qxe3 40.Re2 Rxg1+  0-1

[Event "Eikrem mem"]
[Site "Gausdal NOR"]
[Date "2000.08.01"]
[Round "3"]
[White "Pedersen,O"]
[Black "Bekker Jensen,Da"]
[Result "0-1"]
[WhiteElo "2061"]
[BlackElo "2320"]

1.e4 c5 2.c3 Nf6 3.e5 Nd5 4.d4 cxd4 5.cxd4 d6 6.Bc4 Nb6 7.Bb5+ Bd7 8.e6 Bxb5
9.Qh5 Qc8 10.Qxb5+ Kd8 11.Be3 fxe6 12.Nc3 Qc4 13.Rc1 Qxb5 14.Nxb5 Nc6 15.Nf3 Nd5
16.O-O Kd7 17.Rfe1 g6 18.Nc3 Nxe3 19.fxe3 Bg7 20.Ne4 Rac8 21.Rc3 h6 22.h3 b6
23.Nh4 g5 24.Nf3 Nb4 25.a3 Nd5 26.Rxc8 Rxc8 27.Kf2 Nf6 28.Nc3 g4 29.Nd2 gxh3
30.gxh3 Nd5 31.Nde4 Nxc3 32.Nxc3 d5 33.Rg1 Bf6 34.Ke2 Rf8 35.Rf1 Rg8 36.b3 Kc6
37.Rf3 e5 38.e4 exd4 39.exd5+ Kd7 40.Ne4 Be5 41.Rf5 Bg7 42.Kd3 Ke8 43.Ng3 Bf6
44.Ne2 Kd7 45.Rf3 Kd6 46.Ke4 Rg5 47.Nxd4 Re5+ 48.Kf4 Bg5+ 49.Kg3 Kxd5 50.Nb5 a5
51.Nc3+ Kd4 52.a4 Re3 53.Nb5+ Ke4 54.Nc3+ Kd4 55.Nb5+ Kd3 56.Rxe3+ Bxe3 57.Nc7 e5
58.Nd5 e4 59.h4 Bc5 60.h5 Kd2 61.Nf6 e3 62.Ne4+ Kd3 63.Kf3 e2  0-1

[Event "Mipap Cup"]
[Site "Olomouc CZE"]
[Date "2000.08.02"]
[Round "1"]
[White "Bazant,P jr"]
[Black "Rechel,B"]
[Result "1/2-1/2"]
[WhiteElo "2274"]
[BlackElo "2402"]

1.e4 c5 2.c3 Nf6 3.e5 Nd5 4.d4 cxd4 5.Nf3 Nc6 6.cxd4 d6 7.Bc4 Nb6 8.Bb3 dxe5
9.Nxe5 Nxe5 10.dxe5 Qxd1+ 11.Kxd1 e6 12.Nc3 Bd7 13.Be3 Bc6 14.Rg1 Bb4 15.Rc1 O-O-O+
16.Ke2 Kb8 17.g4 Nd7 18.f4 h5 19.g5 g6 20.a3 Be7 21.Bc2 Nb6 22.Bxb6 axb6
23.Rgd1 Bg2 24.Be4 Bxe4 25.Nxe4 Rc8 26.Rxc8+ Rxc8 27.Rd7 Rc7 28.Rxc7 Kxc7
29.Kd3 b5 30.Kd4 Kc6 31.h3 Bf8 32.b4 Be7 33.Kd3 Kd5 34.Nc3+ Kc6 35.Ne2 Kb6
36.Nd4 Bd8 37.Nb3  1/2-1/2

[Event "ch-GBR"]
[Site "Millfield ENG"]
[Date "2000.08.05"]
[Round "6"]
[White "Spence,D"]
[Black "Aarthie,R"]
[Result "1-0"]
[WhiteElo "2153"]
[BlackElo "2319"]

1.e4 c5 2.c3 Nf6 3.e5 Nd5 4.d4 cxd4 5.Nf3 Nc6 6.cxd4 d6 7.Bc4 Nb6 8.Bb5 dxe5
9.Nxe5 Bd7 10.Nxd7 Qxd7 11.Nc3 Rd8 12.Qf3 a6 13.Bxc6 Qxc6 14.Qxc6+ bxc6 15.Be3 Nc4
16.Na4 e5 17.O-O-O Nxe3 18.fxe3 exd4 19.exd4 Kd7 20.Rhf1 f6 21.d5 c5 22.Rf3 Bd6
23.Rc3 Rhe8 24.Nxc5+ Bxc5 25.Rxc5 Rc8 26.Rc3 Rxc3+ 27.bxc3 Kd6 28.Kc2 Re2+
29.Kb3 Rxg2 30.c4 Re2 31.Kb4 Re4 32.Rd3 f5 33.Ra3 f4 34.Rxa6+ Ke7 35.Ra7+ Kf6
36.Ra8 Ke7 37.Kc5 f3 38.d6+ Kd7 39.Rf8 Re5+ 40.Kb6 Kxd6 41.Rxf3 Re2 42.c5+ Ke7
43.a4 Rxh2 44.Rb3 g5 45.a5 g4 46.a6 h5 47.Ra3 Rb2+ 48.Kc7 g3 49.a7 g2 50.a8=Q g1=Q
51.Qe4+ Kf7 52.Rf3+ Kg7 53.Qe5+ Kh6 54.Qh8+  1-0

[Event "Valoz Cup"]
[Site "Olomouc CZE"]
[Date "2000.08.05"]
[Round "5"]
[White "Buchnicek,P"]
[Black "Skytte,R"]
[Result "1/2-1/2"]
[WhiteElo "2398"]
[BlackElo "2323"]

1.e4 c5 2.c3 Nf6 3.e5 Nd5 4.d4 cxd4 5.Nf3 e6 6.cxd4 d6 7.Nc3 Nxc3 8.bxc3 Qc7
9.Bd2 Nd7 10.exd6 Bxd6 11.Bd3 b6 12.O-O Bb7 13.h3 O-O 14.Re1 Rfe8 15.Rc1 e5
16.Ng5 Nf6 17.Qc2 h6 18.Ne4 Nxe4 19.Bxe4 Rad8 20.Bxb7 Qxb7 21.Qa4 Re6 22.dxe5 Bxe5
23.Bf4 Rg6 24.g3 Bxf4 25.Qxf4 Rf6 26.Qg4 Rd2 27.Re2 Rxe2 28.Qxe2 Re6 29.Qd3 Qe4
30.Qxe4 Rxe4 31.Kf1 Kf8 32.f3 Ra4 33.Rc2 Ke7 34.Ke2  1/2-1/2

[Event "FSIMB August"]
[Site "Budapest HUN"]
[Date "2000.08.06"]
[Round "2"]
[White "Karacsony,A"]
[Black "Ananchenko,I"]
[Result "1-0"]
[WhiteElo "2274"]
[BlackElo "2276"]

1.e4 c5 2.c3 Nf6 3.e5 Nd5 4.d4 cxd4 5.cxd4 d6 6.Nf3 Nc6 7.Bc4 Nb6 8.Bb5 Bd7
9.Nc3 dxe5 10.Nxe5 Nxe5 11.dxe5 Bxb5 12.Nxb5 Qxd1+ 13.Kxd1 O-O-O+ 14.Ke2 Rd5
15.a4 a6 16.Be3 axb5 17.Bxb6 g5 18.e6 fxe6 19.Rac1+ Kd7 20.a5 Bg7 21.Rc7+ Kd6
22.b3 Rb8 23.Rhc1 Bd4 24.Bxd4 Rxd4 25.R7c5 Rd5 26.b4 Ke5 27.Rxd5+ exd5 28.Rc5 Kd4
29.Rxb5 Rc8 30.Rxb7 Rc2+ 31.Kf3 e5 32.a6 h5 33.a7 Ra2 34.Rd7 e4+ 35.Kg3 Ra3+
36.f3 e3 37.b5 Kc5 38.b6 Kxb6 39.Rxd5 Rxa7 40.Re5 h4+ 41.Kh3 Ra3 42.g3 e2
43.Re6+ Kc7 44.Kg4 Ra2 45.Kxg5 Kd7 46.Re4 Ra5+ 47.Kf6 Ra6+ 48.Kf7 hxg3 49.hxg3 Ra3
50.f4 Rxg3 51.Rxe2 Rf3 52.Rd2+ Kc6 53.Rd4 Kc5 54.Ra4 Kd6 55.Kf6 Rh3 56.Rd4+ Kc7
57.f5 Rh8 58.Kg7 Rh1 59.f6 Rg1+ 60.Kf8 Rf1 61.f7 Rg1 62.Ke7 Re1+ 63.Kf6 Rf1+
64.Ke6 Kc6 65.Rd8  1-0

[Event "TCh-ESP"]
[Site "Barcelona ESP"]
[Date "2000.08.07"]
[Round "3"]
[White "Ramirez Gonzalez,J"]
[Black "Fragoso Martinez,P"]
[Result "1-0"]
[WhiteElo "2195"]
[BlackElo "2121"]

1.e4 c5 2.c3 Nf6 3.e5 Nd5 4.d4 cxd4 5.Nf3 Nc6 6.cxd4 d6 7.Bc4 Nb6 8.Bb3 Bf5
9.exd6 Qxd6 10.Nc3 e6 11.O-O Nb4 12.Ne5 N4d5 13.Nxd5 Nxd5 14.Ba4+ Ke7 15.Nc4 Qc7
16.Ne3 Be4 17.Nxd5+ Bxd5 18.Bg5+ f6 19.Rc1 Qb6 20.Bf4 Kf7 21.Rc7+ Be7 22.Qh5+ g6
23.Qh3 h5 24.Rfc1 g5 25.Qa3 Qxd4 26.Qxe7+ Kg6 27.Be3 Qxa4 28.Qg7+ Kf5 29.Rf7 Rac8
30.Qxf6+ Ke4 31.Qg6+ Ke5 32.Qxg5+ Ke4 33.Qf4+ Kd3 34.Qxa4  1-0